| 000 | nam a22 7a 4500 | ||
|---|---|---|---|
| 999 |
_c28942 _d28942 |
||
| 008 | 170727b xxu||||| |||| 00| 0 eng d | ||
| 020 | _a0195724259 | ||
| 050 | _aPL 8704 .M589M3 1987 | ||
| 100 |
_aMalenga,Mrima, _d1987. |
||
| 245 |
_aMalenga wa Mrima: _bAbjadi ya Mwinyihatibu. _cMrima, Malenga. |
||
| 250 | _a1 st ed, | ||
| 260 |
_aKenya: _bOxford, _c1987. |
||
| 300 |
_a125p. _bincludes bibligraphical indexes. _c24 cm |
||
| 650 | _aSwahili poems | ||
| 942 |
_2lcc _cAFRICANA _hPL 8704 .M589M3 1987 _01 |
||